000
00286nam a2200109Ia 4500
008
220204s9999 xx 000 0 und d
082
_a
615.7
_b
ZAJ.2
100
_a
Zajic, J E
245
0
_a
Water pollution: disposal and reuse. V 2
260
_a
New York
_b
Marcel Dekker
_c
1971
942
_c
BK
999
_c
28488
_d
28488